[Event "ICS rated blitz match"]
[Site "204.178.125.65"]
[Date "2000.12.02"]
[Round "?"]
[White "Hossa"]
[Black "PostModernist"]
[Result "0-1"]
[WhiteElo "2466"]
[BlackElo "2687"]
[PlyCount "178"]
[EventDate "2000.??.??"]

1. e4 c5 2. Nf3 Nc6 3. d4 cxd4 4. Nxd4 Nf6 5. Nc3 d6 6. Be3 Ng4 7. Bg5 h6 8.
Bh4 a6 9. Be2 Nge5 10. O-O g5 11. Bg3 Bg7 12. Nb3 Be6 13. Nd5 O-O 14. c3 Rc8
15. Qd2 f5 16. f3 fxe4 17. fxe4 Bf7 18. Ne3 Kh8 19. Nd4 e6 20. Rf2 Qe7 21. Raf1
Kh7 22. Nxc6 Rxc6 23. Kh1 Kh8 24. Bxe5 dxe5 25. Qd3 Rcc8 26. Qc2 Bg6 27. Bf3 h5
28. g4 h4 29. Qe2 Rcd8 30. Nc4 Qc7 31. a4 h3 32. Kg1 Be8 33. Ra1 Qc5 34. b4 Qa7
35. Nb2 Rc8 36. Rc1 Bc6 37. Rcf1 b5 38. axb5 axb5 39. Nd3 Rcd8 40. Nc5 Rde8 41.
c4 Qb6 42. Rb1 Kg8 43. Ra1 bxc4 44. Qxc4 Bb5 45. Qc3 Qd6 46. Ra5 Qb6 47. Raa2
Rf4 48. Rad2 Qc7 49. Qb3 Qb6 50. Rd1 Ref8 51. Kh1 Qa7 52. Rg1 R8f6 53. Qc3 Qf7
54. Rg3 Be2 55. Bxe2 Rxf2 56. Qd2 Rf1+ 57. Rg1 R6f2 58. Qe3 Rxg1+ 59. Kxg1 Rg2+
60. Kh1 Qf2 61. Qxf2 Rxf2 62. Bc4 Kf7 63. Kg1 Rg2+ 64. Kh1 Rb2 65. Kg1 Rxb4 66.
Bxe6+ Ke7 67. Bf5 Rb2 68. Nd3 Rg2+ 69. Kf1 Rxh2 70. Nf2 Kf6 71. Kg1 Rg2+ 72.
Kf1 Rg3 73. Nh1 Rb3 74. Kf2 Bf8 75. Ke2 Rb1 76. Ng3 h2 77. Kf3 Rg1 78. Nh1 Bb4
79. Nf2 Bd2 80. Bd7 Bf4 81. Bf5 Rf1 82. Kg2 Rxf2+ 83. Kxf2 h1=Q 84. Ke2 Qh3 85.
Kf2 Qe3+ 86. Kg2 Qe2+ 87. Kg1 Bg3 88. Bd7 Qh2+ 89. Kf1 Qf2# {Hossa checkmated}
0-1

[Event "ICS rated blitz match"]
[Site "204.178.125.65"]
[Date "2000.12.02"]
[Round "?"]
[White "PostModernist"]
[Black "Hossa"]
[Result "0-1"]
[WhiteElo "2696"]
[BlackElo "2459"]
[PlyCount "66"]
[EventDate "2000.??.??"]

1. d4 d5 2. Nf3 e6 3. Bf4 Nf6 4. e3 Nbd7 5. Nbd2 Be7 6. Bd3 Nh5 7. Qe2 c5 8.
dxc5 Nxf4 9. exf4 Nxc5 10. O-O-O O-O 11. h4 Qc7 12. g3 f6 13. h5 Bd7 14. h6 g6
15. Bb5 Bxb5 16. Qxb5 Rfc8 17. Qe2 a5 18. Nd4 Ra6 19. Nb5 Qd7 20. f3 Rb6 21.
Nc3 Na4 22. Nb3 Nxc3 23. bxc3 Rxc3 24. Rd3 Qc7 25. Re1 Bb4 26. Rg1 a4 27. Na1
Qc4 28. Qe3 Bc5 29. Rxc3 Bxe3+ 30. Rxe3 Qd4 31. Rge1 Qxa1+ 32. Kd2 Qd4+ 33. Ke2
Rb2 {PostModernist resigns} 0-1

[Event "ICS rated blitz match"]
[Site "204.178.125.65"]
[Date "2000.12.02"]
[Round "?"]
[White "Hossa"]
[Black "PostModernist"]
[Result "0-1"]
[WhiteElo "2484"]
[BlackElo "2671"]
[PlyCount "132"]
[EventDate "2000.??.??"]

1. e4 c5 2. Nf3 Nc6 3. Bb5 e6 4. O-O Nge7 5. c3 a6 6. Ba4 b5 7. Bc2 Bb7 8. Qe2
Ng6 9. d4 Be7 10. d5 Na5 11. Rd1 O-O 12. d6 Bf6 13. Nbd2 e5 14. Nb3 Nxb3 15.
Bxb3 c4 16. Bc2 Re8 17. Be3 Nf4 18. Qd2 Ne6 19. a4 Qc8 20. axb5 axb5 21. Ba7
Qc6 22. Qe3 Nf4 23. Ra2 Re6 24. Qd2 Nd3 25. Bxd3 Rxd6 26. Qe3 Rxd3 27. Rxd3
cxd3 28. Qxd3 Qxe4 29. Qxe4 Bxe4 30. Nd2 Bc6 31. c4 Bg5 32. cxb5 Bd5 33. b3
Bxd2 34. Rxd2 Rxa7 35. f4 Bxb3 36. b6 Rb7 37. fxe5 Rxb6 38. Rxd7 h5 39. Rd2 Be6
40. Kf2 Rb5 41. Re2 Ra5 42. h3 Kf8 43. Kg3 g5 44. Kh2 Kg7 45. Re4 h4 46. Re1
Kg6 47. Kg1 Kf5 48. Kh2 Ra2 49. Rf1+ Kxe5 50. Re1+ Kd6 51. Kh1 Bd5 52. Rg1 Ke5
53. Kh2 Rxg2+ 54. Rxg2 Bxg2 55. Kg1 g4 56. Kf2 Bxh3 57. Ke1 g3 58. Kd2 g2 59.
Kc3 g1=Q 60. Kb4 Qb6+ 61. Kc3 Qd4+ 62. Kb3 Be6+ 63. Kc2 h3 64. Kc1 Bb3 65. Kb1
h2 66. Kc1 h1=Q# {Hossa checkmated} 0-1

[Event "ICS rated blitz match"]
[Site "204.178.125.65"]
[Date "2000.12.02"]
[Round "?"]
[White "PostModernist"]
[Black "Hossa"]
[Result "1/2-1/2"]
[WhiteElo "2679"]
[BlackElo "2476"]
[PlyCount "283"]
[EventDate "2000.??.??"]

1. d4 d5 2. Nf3 Nf6 3. e3 g6 4. c4 Bg7 5. Nc3 O-O 6. Qb3 c6 7. Bd2 b6 8. Rc1
Bf5 9. cxd5 cxd5 10. Be2 a6 11. Ne5 Ra7 12. O-O Qd6 13. Bf3 Be6 14. Ne2 Bc8 15.
Nf4 Bb7 16. a4 a5 17. Bc3 Bh6 18. Nfd3 Rc8 19. Rfe1 Ba6 20. Bd2 Nc6 21. Be2
Nxd4 22. exd4 Bxd2 23. Rxc8+ Bxc8 24. Qc2 Bxe1 25. Qxc8+ Kg7 26. Nxe1 Rc7 27.
Qa8 Qb4 28. N1d3 Qxa4 29. Qd8 Qc2 30. Bf1 Rb7 31. Qa8 Qc7 32. Qa6 Rb8 33. f3
Kg8 34. Qb5 Rc8 35. Be2 Qd6 36. Qa6 Qb8 37. b4 Rc2 38. Bf1 Qc7 39. bxa5 bxa5
40. Ne1 Rd2 41. N1d3 Qc3 42. Qa7 Kf8 43. Qb8+ Kg7 44. Qa7 Ng8 45. Qc5 Qa1 46.
Nc1 Rd1 47. Ned3 Nf6 48. g4 Qa4 49. g5 Nd7 50. Qxd5 e6 51. Qd6 Kg8 52. Kf2 Rd2+
53. Be2 Rc2 54. Ne5 Nxe5 55. Qb8+ Kg7 56. Qxe5+ Kg8 57. Qb8+ Kg7 58. Nb3 Qa2
59. Qe5+ Kg8 60. Nc5 Qb2 61. Qe4 Rd2 62. Nd3 Qc2 63. Qe3 Qc3 64. Kg3 Qc2 65.
Nf4 Qb2 66. Bd3 Rxh2 67. Be2 Rh1 68. d5 e5 69. Ng2 Rc1 70. d6 Rc8 71. d7 Rd8
72. Qc5 Qd4 73. Qxa5 Rxd7 74. Kh2 Qd6 75. Qa4 Qd2 76. f4 exf4 77. Nxf4 Rd8 78.
Qe4 Qd6 79. Kh3 Qc5 80. Kh4 h6 81. gxh6 g5+ 82. Kh3 gxf4 83. Qxf4 Rd6 84. Bf3
Rg6 85. Kh4 Qe7+ 86. Kh5 Qe6 87. Bg4 Qe1 88. h7+ Kg7 89. h8=Q+ Kxh8 90. Qxf7
Rxg4 91. Kxg4 Qg1+ 92. Kh3 Qh1+ 93. Kg3 Qe1+ 94. Kh3 Qh1+ 95. Kg4 Qg1+ 96. Kf5
Qh1 97. Qf6+ Kg8 98. Qd8+ Kh7 99. Qd7+ Kh8 100. Qc8+ Kg7 101. Qc7+ Kh6 102.
Qd6+ Kh7 103. Qc7+ Kg8 104. Qg3+ Kh8 105. Qe5+ Kg8 106. Qe8+ Kg7 107. Qg6+ Kh8
108. Qe8+ Kg7 109. Qe7+ Kh6 110. Qe3+ Kg7 111. Qd4+ Kh7 112. Qd3 Qg1 113. Kf6+
Kh8 114. Qh3+ Kg8 115. Qc8+ Kh7 116. Qf5+ Kh8 117. Qh5+ Kg8 118. Qf7+ Kh8 119.
Qe8+ Qg8 120. Qh5+ Qh7 121. Qg5 Qd7 122. Qh4+ Kg8 123. Qg3+ Kh8 124. Qb8+ Kh7
125. Qh2+ Kg8 126. Qg2+ Kh7 127. Qh1+ Kg8 128. Qa8+ Kh7 129. Qe4+ Kh8 130. Qa8+
Kh7 131. Qg2 Qd6+ 132. Kf7 Qd7+ 133. Kf8 Qd6+ 134. Kf7 Qd7+ 135. Kf8 Qd6+ 136.
Ke8 Qe6+ 137. Kd8 Qf6+ 138. Kd7 Qh6 139. Qg3 Qh5 140. Kc6 Qh1+ 141. Kd7 Qf1
142. Kd8 {Game drawn by the 50 move rule} 1/2-1/2

[Event "ICS rated bullet match"]
[Site "204.178.125.65"]
[Date "2000.12.02"]
[Round "?"]
[White "Hossa"]
[Black "thutters"]
[Result "1-0"]
[WhiteElo "2618"]
[BlackElo "1903"]
[PlyCount "71"]
[EventDate "2000.??.??"]

1. e4 g6 2. d4 Bg7 3. c4 d6 4. Nc3 Nf6 5. Nf3 O-O 6. Be2 e5 7. O-O Nc6 8. d5
Ne7 9. c5 Ne8 10. Qb3 dxc5 11. Be3 b6 12. Ng5 Nd6 13. Nb5 h6 14. Nxd6 cxd6 15.
Nf3 f5 16. Bd3 f4 17. Bd2 g5 18. Rab1 Kh8 19. Be2 Bd7 20. Ne1 Qe8 21. Nc2 g4
22. Ba6 f3 23. g3 h5 24. Bg5 Bf6 25. Qe3 Qg6 26. Bxf6+ Qxf6 27. Qa3 Rab8 28.
Bd3 a5 29. Qc3 Kg7 30. Qd2 h4 31. Ne3 Rh8 32. Nc4 hxg3 33. fxg3 Rh3 34. Ra1 Rg8
35. Nxb6 Rgh8 36. Nxd7 {thutters resigns} 1-0

[Event "ICS rated blitz match"]
[Site "204.178.125.65"]
[Date "2000.12.02"]
[Round "?"]
[White "Tim"]
[Black "Hossa"]
[Result "1/2-1/2"]
[WhiteElo "2552"]
[BlackElo "2484"]
[PlyCount "63"]
[EventDate "2000.??.??"]

1. d4 d5 2. e4 dxe4 3. Nc3 Nf6 4. f3 exf3 5. Nxf3 Bf5 6. Ne5 e6 7. g4 Bg6 8.
Qf3 Bxc2 9. Qxb7 Nbd7 10. Nc6 Qc8 11. Ba6 Nb6 12. Qxc8+ Rxc8 13. Bxc8 Nxc8 14.
g5 Ne4 15. Rf1 h6 16. Ne5 Ncd6 17. gxh6 gxh6 18. Rg1 Nf5 19. Nb5 Bb4+ 20. Ke2
c5 21. a3 Ba5 22. dxc5 Nxc5 23. b4 Nb3 24. bxa5 Nxa1 25. Bd2 Nb3 26. Nc7+ Kd8
27. Nxf7+ Kxc7 28. Nxh8 Nfd4+ 29. Ke3 Nf5+ 30. Ke2 Nfd4+ 31. Ke3 Nf5+ 32. Ke2 {
Game drawn by repetition} 1/2-1/2

[Event "ICS rated standard match"]
[Site "204.178.125.65"]
[Date "2000.12.02"]
[Round "?"]
[White "Hossa"]
[Black "BrazilianMaster"]
[Result "1/2-1/2"]
[WhiteElo "2333"]
[BlackElo "2657"]
[PlyCount "240"]
[EventDate "2000.??.??"]

1. e4 c5 2. c3 Nf6 3. e5 Nd5 4. d4 cxd4 5. cxd4 d6 6. Nf3 e6 7. Bd3 dxe5 8.
dxe5 Nb4 9. Bb5+ Bd7 10. Be2 Nd5 11. O-O Qc7 12. Bd2 Nc6 13. Bc4 Nb6 14. Qe2
Nd4 15. Nxd4 Qxc4 16. Be3 Rc8 17. Qh5 Qc7 18. Nd2 g6 19. Qh4 Nd5 20. Ne4 Qxe5
21. Nf3 Qc7 22. Nf6+ Nxf6 23. Qxf6 Rg8 24. Ne5 Bc6 25. Nxc6 bxc6 26. Qh4 h6 27.
Rfd1 Bg7 28. Rab1 a5 29. Bc5 Be5 30. b3 Bf4 31. Rd3 Bg5 32. Qc4 Rd8 33. Rxd8+
Bxd8 34. Rd1 Qb7 35. Qd4 Qc7 36. Qd3 Be7 37. Qa6 f5 38. Bb6 Qe5 39. Bxa5 Kf7
40. Re1 Qd5 41. Qe2 Bf6 42. b4 Bd4 43. a4 Ra8 44. Qd2 c5 45. Qxh6 Bc3 46. Qh7+
Bg7 47. Qh3 cxb4 48. Bxb4 Rxa4 49. Qh4 Qb7 50. Rb1 Qd7 51. g3 Ra2 52. Qc4 Ra7
53. Qf4 Qd5 54. Rc1 e5 55. Qe3 Rb7 56. Qd2 Qxd2 57. Bxd2 e4 58. Be3 Be5 59. Rc5
Bd6 60. Rc6 Bb8 61. Ra6 Rb3 62. Kh1 Rc3 63. Kg2 Rd3 64. Bg5 Be5 65. Kf1 Bd4 66.
Rd6 Bc3 67. Rc6 Rd1+ 68. Kg2 Be5 69. Be3 Rb1 70. Rc5 Bd6 71. Rc6 Rd1 72. Bg5
Rd5 73. Ra6 Bc5 74. Rf6+ Kg7 75. Rc6 Bd6 76. Rb6 Rd3 77. Rb7+ Kf8 78. Bh6+ Ke8
79. Rg7 Bc5 80. Rc7 Bd4 81. Bg7 Bb6 82. Rb7 Bc5 83. Rc7 Bd6 84. Rb7 g5 85. Bf6
g4 86. Bg5 Bc5 87. Rc7 Bd4 88. Re7+ Kf8 89. Rd7 Bf6 90. Bh6+ Ke8 91. Rc7 Bd8
92. Rc5 Rf3 93. Be3 Kf7 94. Rc4 Ke6 95. h4 gxh3+ 96. Kxh3 Be7 97. Ra4 Bd6 98.
Ra6 Kd5 99. Ra5+ Kc4 100. Kg2 Bxg3 101. fxg3 Rxe3 102. Rxf5 Re2+ 103. Rf2 Kd3
104. Rxe2 Kxe2 105. g4 e3 106. g5 Kd2 107. g6 e2 108. g7 e1=Q 109. g8=Q Qe4+
110. Kh2 Kc3 111. Qh8+ Kd3 112. Qh6 Ke2 113. Qh5+ Kd2 114. Qh3 Qf4+ 115. Kg2
Ke2 116. Qc3 Qg4+ 117. Kh2 Qh4+ 118. Kg2 Qf2+ 119. Kh1 Qf3+ 120. Qxf3+ Kxf3 {
Game drawn because neither player has mating material} 1/2-1/2

[Event "ICS rated blitz match"]
[Site "204.178.125.65"]
[Date "2000.12.02"]
[Round "?"]
[White "Hossa"]
[Black "Tinker"]
[Result "1-0"]
[WhiteElo "2487"]
[BlackElo "2573"]
[PlyCount "125"]
[EventDate "2000.??.??"]

1. e4 c5 2. c3 d5 3. exd5 Qxd5 4. d4 Nf6 5. Na3 e6 6. Nb5 Na6 7. Bf4 Be7 8.
dxc5 Qxd1+ 9. Rxd1 O-O 10. Bd6 Nd5 11. c4 Bxd6 12. cxd6 Nf6 13. Nf3 e5 14. Nxe5
Re8 15. f4 Nd7 16. Kf2 Nxe5 17. fxe5 Bd7 18. Re1 Rf8 19. Nc3 Nb4 20. Nd5 Nc6
21. Nc7 Rad8 22. Bd3 Bc8 23. c5 Nb4 24. Be4 Bd7 25. a3 Nc6 26. Bxc6 Bxc6 27.
Rhf1 Rb8 28. Re3 b6 29. cxb6 Rxb6 30. b4 Rfb8 31. Kg3 a6 32. Rd3 Rd8 33. Rd2
Ba4 34. Rdf2 Bb3 35. Rf3 Bc4 36. R1f2 h6 37. Rf4 Bb3 38. R2f3 Bd1 39. Rf1 Bb3
40. R4f3 Bc4 41. Rc1 Bb5 42. Nd5 Rbb8 43. Ne7+ Kh7 44. Rxf7 Be8 45. Rf8 Bd7 46.
Rxd8 Rxd8 47. Rc6 Bxc6 48. Nxc6 Rd7 49. Nb8 Rd8 50. d7 Kg6 51. e6 Kf6 52. Nc6
Kxe6 53. Nxd8+ Kxd7 54. Nb7 Kc6 55. Nc5 a5 56. Nd3 Kb5 57. Kf4 axb4 58. axb4
Kc4 59. Kf5 Kxd3 60. b5 h5 61. b6 Ke2 62. b7 h4 63. Kg4 {Tinker resigns} 1-0

[Event "ICS rated blitz match"]
[Site "204.178.125.65"]
[Date "2000.12.02"]
[Round "?"]
[White "Tinker"]
[Black "Hossa"]
[Result "1-0"]
[WhiteElo "2553"]
[BlackElo "2507"]
[PlyCount "79"]
[EventDate "2000.??.??"]

1. e4 c5 2. Nf3 e6 3. d4 cxd4 4. Nxd4 Nf6 5. Nc3 d6 6. g4 a6 7. Be3 e5 8. Nf5
g6 9. g5 gxf5 10. exf5 d5 11. Qf3 d4 12. O-O-O Nfd7 13. Bxd4 Qxg5+ 14. Be3 Qh4
15. Nd5 Bd6 16. Qg2 Nc6 17. a3 Qh5 18. Nb6 Nxb6 19. Rxd6 Nd7 20. Rh6 Qxf5 21.
Bd3 e4 22. Bxe4 Qe5 23. Bxc6 bxc6 24. Re1 Qe7 25. Bd2 Ne5 26. Bb4 c5 27. Qxa8
O-O 28. Qe4 f5 29. Qd5+ Rf7 30. Rxe5 Qf8 31. Rd6 Bb7 32. Qxc5 Rg7 33. Rxf5 Rg1+
34. Kd2 Qc8 35. Rg5+ Rxg5 36. Qxg5+ Kf7 37. Rf6+ Ke8 38. Qe5+ Qe6 39. Qxe6+ Kd8
40. Ba5# {Hossa checkmated} 1-0

[Event "ICS rated blitz match"]
[Site "204.178.125.65"]
[Date "2000.12.02"]
[Round "?"]
[White "Hossa"]
[Black "Tinker"]
[Result "1-0"]
[WhiteElo "2493"]
[BlackElo "2567"]
[PlyCount "105"]
[EventDate "2000.??.??"]

1. e4 c5 2. c3 d5 3. exd5 Qxd5 4. d4 Nf6 5. Na3 e6 6. Nb5 Na6 7. Bf4 Be7 8.
dxc5 O-O 9. b4 Ne4 10. Qxd5 exd5 11. f3 Nf6 12. Nd6 Nc7 13. Nxb7 Ne6 14. Bd6
Re8 15. Bxe7 Rxe7 16. Nd6 Nxc5+ 17. Kd2 Na4 18. Bb5 Bd7 19. Bxa4 Bxa4 20. Nf5
Re5 21. Nd4 Rc8 22. Nh3 Rh5 23. Rae1 Re8 24. Rxe8+ Bxe8 25. Nf4 Re5 26. Nd3 Re7
27. Nc5 g6 28. h3 Nh5 29. Re1 Rxe1 30. Kxe1 Ng7 31. b5 Kf8 32. a4 Ke7 33. a5 f6
34. a6 Kd6 35. b6 axb6 36. a7 bxc5 37. a8=Q cxd4 38. cxd4 Ke6 39. Qc8+ Kf7 40.
Qb7+ Kf8 41. Qxd5 h5 42. h4 Ke7 43. Qc5+ Kf7 44. Qa7+ Kf8 45. Qb6 Ke7 46. Qb4+
Kf7 47. Qc4+ Ke7 48. d5 Bd7 49. Qb4+ Kf7 50. Qd6 Bf5 51. Qc7+ Kg8 52. d6 Ne6
53. d7 {Tinker resigns} 1-0

[Event "ICS rated blitz match"]
[Site "204.178.125.65"]
[Date "2000.12.02"]
[Round "?"]
[White "Amateur"]
[Black "Hossa"]
[Result "0-1"]
[WhiteElo "2604"]
[BlackElo "2512"]
[PlyCount "156"]
[EventDate "2000.??.??"]

1. c4 Nf6 2. Nf3 e6 3. g3 d5 4. cxd5 exd5 5. Bg2 Nc6 6. Nc3 d4 7. Nb5 d3 8. Qa4
dxe2 9. Ne5 Nxe5 10. Nxc7+ Ke7 11. Nxa8 Bg4 12. Qa3+ Qd6 13. Qxd6+ Kxd6 14. d4
Nd3+ 15. Kd2 Nxf2 16. Re1 Kd7 17. a3 N6e4+ 18. Ke3 f5 19. Bf3 Bd6 20. Kxe2 Rxa8
21. Be3 Rc8 22. Rec1 Re8 23. Rc2 Bxf3+ 24. Kxf3 Ng4 25. Bf4 g5 26. Bxd6 Nxd6
27. Rac1 Re3+ 28. Kg2 Ke6 29. Kh3 Ne4 30. Rf1 Rd3 31. Re1 Rxd4 32. Ree2 Kd7 33.
Re1 Ngf2+ 34. Kg2 Nd3 35. Rf1 Rd6 36. b4 Ra6 37. Ra1 Rxa3 38. Rxa3 Ne1+ 39. Kg1
Nxc2 40. Rxa7 Kc6 41. b5+ Kb6 42. Ra8 Kxb5 43. Rf8 Nd4 44. Rf7 b6 45. Rxh7 Kc6
46. Rh8 b5 47. Rd8 Nd6 48. Rb8 Kc5 49. Kf2 Nc6 50. Rg8 b4 51. Ke2 b3 52. Kd2
Nc4+ 53. Kc1 b2+ 54. Kb1 Kb4 55. Kc2 Ka3 56. Ra8+ N6a5 57. Rb8 Ka2 58. Kc3 g4
59. Rb4 b1=Q 60. Rxb1 Kxb1 61. Kd4 Kc2 62. Kd5 Ne3+ 63. Ke5 Nc6+ 64. Kf4 Kd3
65. Kg5 Nd4 66. Kg6 Nf3 67. Kf6 f4 68. gxf4 Nxh2 69. f5 g3 70. Kg6 Nxf5 71.
Kxf5 g2 72. Ke6 Nf3 73. Kf5 Kd4 74. Kg4 Ne5+ 75. Kg5 g1=Q+ 76. Kf6 Qg8 77. Kf5
Qg6+ 78. Kf4 Qg4# {Amateur checkmated} 0-1

[Event "ICS rated blitz match"]
[Site "204.178.125.65"]
[Date "2000.12.02"]
[Round "?"]
[White "Hossa"]
[Black "Amateur"]
[Result "0-1"]
[WhiteElo "2532"]
[BlackElo "2584"]
[PlyCount "172"]
[EventDate "2000.??.??"]

1. e4 c5 2. Nf3 d6 3. d4 cxd4 4. Nxd4 Nf6 5. Nc3 g6 6. Be2 Bg7 7. O-O O-O 8.
Bg5 Nc6 9. Nb3 Be6 10. Qd2 Na5 11. Nxa5 Qxa5 12. Be3 Rfc8 13. Rfe1 Qb4 14. Qc1
Nd7 15. a3 Qa5 16. Bd2 Qd8 17. Rb1 Nb6 18. Nb5 a6 19. Nc3 Rab8 20. Bd3 Nd7 21.
Nd5 Nc5 22. Bc4 b5 23. Bf1 Nb3 24. Qd1 Bg4 25. f3 Nxd2 26. Qxd2 Be6 27. c3 Qd7
28. Bd3 Rc5 29. Bc2 Qa7 30. Qf2 Rb7 31. Rbd1 a5 32. f4 Bg4 33. Rd2 Be6 34. Rdd1
a4 35. Rd3 Rd7 36. Rd2 Rb7 37. Ne3 Bh6 38. f5 gxf5 39. exf5 Bxe3 40. Rxe3 Bxf5
41. Rd4 Bxc2 42. Qxc2 Rg5 43. Qf2 Rg6 44. Qf5 b4 45. Qc8+ Kg7 46. axb4 Rxb4 47.
cxb4 Qxd4 48. Qc3 Qxc3 49. bxc3 Re6 50. Rg3+ Kf8 51. Kf2 Rf6+ 52. Kg1 d5 53.
Rd3 a3 54. Rxd5 Rc6 55. Ra5 Rxc3 56. b5 Ke8 57. Ra7 Rb3 58. b6 Kd8 59. Kf2 Kc8
60. Rxe7 Rxb6 61. Re8+ Kb7 62. Re7+ Ka6 63. Re3 Rb2+ 64. Kf3 a2 65. Ra3+ Kb5
66. Ra8 Kc4 67. g4 Kb3 68. h4 Rc2 69. Rb8+ Ka3 70. Ra8+ Kb2 71. Rxa2+ Kxa2 72.
g5 f6 73. gxf6 Rc6 74. f7 Rf6+ 75. Kg4 Rxf7 76. Kg5 Kb3 77. h5 Kc4 78. Kg4 Rg7+
79. Kh4 Kd5 80. Kh3 Ke5 81. h6 Rg6 82. Kh2 Kf4 83. Kh3 Kf3 84. Kh4 Rg1 85. Kh5
Kf4 86. Kh4 Rh1# {Hossa checkmated} 0-1

[Event "ICS rated blitz match"]
[Site "204.178.125.65"]
[Date "2000.12.02"]
[Round "?"]
[White "Tinker"]
[Black "Hossa"]
[Result "1-0"]
[WhiteElo "2549"]
[BlackElo "2518"]
[PlyCount "63"]
[EventDate "2000.??.??"]

1. e4 c5 2. Nf3 d6 3. d4 cxd4 4. Nxd4 Nf6 5. Nc3 g6 6. Be3 Bg7 7. f3 O-O 8. Qd2
Nc6 9. Bc4 Bd7 10. h4 Nh5 11. Nxc6 bxc6 12. g4 Qb8 13. Bb3 Nf6 14. h5 gxh5 15.
gxh5 Rd8 16. Qg2 Kh8 17. h6 Bf8 18. Qg5 c5 19. O-O-O Be6 20. Bxe6 fxe6 21. e5
dxe5 22. Rdg1 Qb4 23. Ne4 Rab8 24. b3 Qa3+ 25. Kb1 Bxh6 26. Qxh6 Rd1+ 27. Rxd1
Nh5 28. Rxh5 Qxb3+ 29. cxb3 Rxb3+ 30. axb3 Kg8 31. Qxh7+ Kf8 32. Rd8# {
Hossa checkmated} 1-0

[Event "ICS rated blitz match"]
[Site "204.178.125.65"]
[Date "2000.12.03"]
[Round "?"]
[White "Hossa"]
[Black "Tinker"]
[Result "1-0"]
[WhiteElo "2503"]
[BlackElo "2564"]
[PlyCount "125"]
[EventDate "2000.??.??"]

1. e4 c5 2. c3 d5 3. exd5 Qxd5 4. d4 Nf6 5. Na3 e6 6. Nb5 Na6 7. Bf4 Be7 8.
dxc5 O-O 9. b4 Qe4+ 10. Ne2 Rd8 11. Nd6 Qg6 12. Ng3 Nd5 13. Be5 Bf6 14. Bd3 Qg5
15. Bxh7+ Kf8 16. Bxf6 Qxf6 17. Nge4 Qh6 18. Qf3 f6 19. Qh3 Qxh3 20. gxh3 Nf4
21. Nxc8 Raxc8 22. Nd6 Rc7 23. Rg1 b6 24. Nb5 Rcd7 25. c6 Rd5 26. a4 Nxh3 27.
Rg3 Nf4 28. Bg6 Nxg6 29. Rxg6 Ra8 30. Ke2 Re5+ 31. Kf3 Rf5+ 32. Kg3 Kf7 33. Rg4
Rd5 34. Rg1 g6 35. h4 Rg8 36. f3 Rc8 37. Rc4 Nb8 38. c7 Na6 39. Rc6 e5 40. Nd6+
Rxd6 41. Rxd6 Rxc7 42. a5 Ke7 43. axb6 Kxd6 44. bxc7 Nxc7 45. Kf2 g5 46. h5 Ke7
47. h6 Kf7 48. Rd1 Nb5 49. Rd7+ Kg8 50. c4 Nc3 51. Rg7+ Kh8 52. Rxa7 e4 53. Rf7
Nd1+ 54. Ke2 Nc3+ 55. Kd2 Nb1+ 56. Kc2 Na3+ 57. Kb3 Nb1 58. fxe4 Nd2+ 59. Kc3
Nxe4+ 60. Kd4 Nf2 61. Rxf6 Ng4 62. Rg6 Nh2 63. Ke4 {Tinker resigns} 1-0

[Event "ICS rated blitz match"]
[Site "204.178.125.65"]
[Date "2000.12.03"]
[Round "?"]
[White "Tinker"]
[Black "Hossa"]
[Result "1-0"]
[WhiteElo "2545"]
[BlackElo "2522"]
[PlyCount "123"]
[EventDate "2000.??.??"]

1. e4 c5 2. Nf3 Nc6 3. d4 cxd4 4. Nxd4 Nf6 5. Nc3 d6 6. Bg5 e6 7. Qd2 a6 8.
O-O-O Be7 9. f4 O-O 10. Nb3 b5 11. Bxf6 gxf6 12. f5 Na5 13. Nxa5 Qxa5 14. Qh6
exf5 15. Rd3 f4 16. Nd5 Re8 17. Qxf4 Qe1+ 18. Rd1 Qa5 19. Nxe7+ Rxe7 20. Qxf6
Re6 21. Qg5+ Rg6 22. Qd5 Rb8 23. Bc4 Qc7 24. Bb3 Rb7 25. Rd2 a5 26. Qd4 Rb8 27.
Rg1 a4 28. Bd5 Be6 29. Bxe6 Rxe6 30. Qe3 b4 31. Rd3 Rc8 32. Qd2 Qc4 33. Re1
Qxa2 34. Qxb4 Rg6 35. g3 Rh6 36. h4 Rf6 37. Ra3 Qe6 38. Qxa4 Rf2 39. Kb1 Qe5
40. Qb3 Qd4 41. Ra4 Qf6 42. Rc1 Rh2 43. Ra5 Qe7 44. Qe3 Qe6 45. Rg5+ Kh8 46.
Qd4+ f6 47. Rf5 Kg7 48. Rg5+ Kh8 49. Rd5 Ra8 50. b3 Rd8 51. Rf1 Rf8 52. Rxd6
Qc8 53. Qd3 Re8 54. e5 Rf8 55. Rfxf6 Rh1+ 56. Kb2 Rg8 57. Rf7 Rxh4 58. gxh4 Rg6
59. Rd8+ Qxd8 60. Qxd8+ Rg8 61. Qf6+ Rg7 62. Qxg7# {Hossa checkmated} 1-0

[Event "ICS rated bullet match"]
[Site "204.178.125.65"]
[Date "2000.12.03"]
[Round "?"]
[White "ChesterX"]
[Black "Hossa"]
[Result "1-0"]
[WhiteElo "2551"]
[BlackElo "2619"]
[PlyCount "109"]
[EventDate "2000.??.??"]

1. e4 c5 2. Nc3 Nc6 3. g3 g6 4. Bg2 Bg7 5. d3 d6 6. Bg5 Qb6 7. Nd5 Qd8 8. Nc3
Qb6 9. Nd5 Qd8 10. Nc3 Qb6 11. Qc1 Nf6 12. Nf3 h6 13. Bd2 Bd7 14. O-O O-O-O 15.
a4 Kb8 16. a5 Qc7 17. a6 b6 18. Nb5 Qc8 19. c4 Bh3 20. Qc2 Qg4 21. Bxh3 Qxh3
22. d4 Qg4 23. d5 Nb4 24. Bxb4 Qxf3 25. Bc3 e5 26. Nxd6 Rxd6 27. Bxe5 Ne8 28.
Ra3 Qg4 29. Bxd6+ Nxd6 30. f3 Qh3 31. Re1 Bd4+ 32. Kh1 Re8 33. Raa1 f5 34. exf5
Rxe1+ 35. Rxe1 Nxf5 36. Qg2 Qxg2+ 37. Kxg2 Ne3+ 38. Kh3 Nxc4 39. Re8+ Kc7 40.
Re7+ Kc8 41. Rxa7 Bxb2 42. Ra8+ Kc7 43. Rg8 b5 44. a7 Nb6 45. Rb8 Na8 46. d6+
Kc6 47. Rxa8 Kb7 48. Rf8 Kxa7 49. d7 Bg7 50. Rf7 Bd4 51. d8=Q+ Ka6 52. Qa8+ Kb6
53. Qa7+ Kc6 54. Rd7 Bf6 55. Qb7# {Hossa checkmated} 1-0

[Event "ICS rated bullet match"]
[Site "204.178.125.65"]
[Date "2000.12.03"]
[Round "?"]
[White "Hossa"]
[Black "ChesterX"]
[Result "0-1"]
[WhiteElo "2600"]
[BlackElo "2570"]
[PlyCount "88"]
[EventDate "2000.??.??"]

1. d4 e6 2. Nc3 Nf6 3. e4 d5 4. e5 Nfd7 5. Qg4 c5 6. Bg5 Qb6 7. O-O-O cxd4 8.
Na4 Qa5 9. Rxd4 Nc6 10. Bd2 Qd8 11. Bg5 Ndxe5 12. Qh5 Qa5 13. Bd2 Bb4 14. Rxb4
Nxb4 15. Qxe5 Qxa4 16. Bxb4 Qxb4 17. c3 Qg4 18. h3 Qg6 19. Nf3 O-O 20. Qc7 a5
21. Rg1 a4 22. Bb5 a3 23. b3 Qh6+ 24. Kc2 Qf6 25. h4 Rd8 26. Kc1 Kh8 27. Ne5
Rf8 28. Nf3 b6 29. Kc2 Ba6 30. Bxa6 Rxa6 31. h5 Qf5+ 32. Kc1 Qxh5 33. g4 Qh6+
34. g5 Qh3 35. Ne5 Qf5 36. f3 Raa8 37. Rg4 Rac8 38. Qd6 Rxc3+ 39. Kd2 Qc2+ 40.
Ke1 Qc1+ 41. Kf2 Rc2+ 42. Kg3 Qe1+ 43. Kh3 Qh1+ 44. Kg3 Qh2# {Hossa checkmated}
0-1

[Event "ICS rated blitz match"]
[Site "204.178.125.65"]
[Date "2000.12.03"]
[Round "?"]
[White "PostModernist"]
[Black "Hossa"]
[Result "1-0"]
[WhiteElo "2635"]
[BlackElo "2507"]
[PlyCount "149"]
[EventDate "2000.??.??"]

1. d4 d5 2. Nf3 Nf6 3. e3 g6 4. c4 Bg7 5. Nc3 O-O 6. Be2 c6 7. O-O Bf5 8. cxd5
cxd5 9. Qb3 Bc8 10. Qd1 Nc6 11. Qb3 Na5 12. Qb4 Bf5 13. Bd2 b6 14. Ne5 Bh6 15.
Qa3 Qc7 16. Nb5 Qb7 17. Bb4 Rfe8 18. Rfc1 Rac8 19. Rxc8 Qxc8 20. Bxe7 Ne4 21.
Bf3 Qc2 22. Bxe4 Bxe4 23. Nd6 Rxe7 24. Nxe4 Re6 25. Ng3 f6 26. Nd3 Nc4 27. Qb3
Qxb3 28. axb3 Na5 29. b4 Nc6 30. b5 Na5 31. Ne2 Kf7 32. b4 Nc4 33. Nc3 Re7 34.
Nxd5 Rd7 35. Rc1 Nd2 36. Rc7 Rxc7 37. Nxc7 Bf8 38. Nd5 g5 39. f4 gxf4 40. N3xf4
Bd6 41. Kf2 f5 42. h4 Ne4+ 43. Ke2 Kg7 44. Kd3 Kh6 45. Kc4 Nd2+ 46. Kc3 Ne4+
47. Kb3 Nd2+ 48. Kb2 Bxf4 49. Nxf4 Nc4+ 50. Kb3 Nxe3 51. d5 Kg7 52. Kc3 Kf6 53.
d6 h6 54. Kd3 Ng4 55. Kd4 Kf7 56. Kd5 Ke8 57. Kc6 Nf6 58. Kc7 Nd7 59. Kc8 Ne5
60. Nd5 f4 61. h5 Kf8 62. d7 Nf7 63. Kb7 Nd8+ 64. Kxa7 f3 65. gxf3 Kf7 66. Kxb6
Ke6 67. Kc7 Nf7 68. b6 Kxd5 69. b7 Ke5 70. b8=Q Ke6 71. Qf8 Nd8 72. Qxd8 Kd5
73. Qh4 Ke5 74. d8=Q Kf5 75. Qe4# {Hossa checkmated} 1-0